Argentina 2000 (Registro nro. 6171)
[ vista simple ]
| 000 -LEADER | |
|---|---|
| fixed length control field | 01131 a2200253 4500 |
| 001 - CONTROL NUMBER | |
| control field | 57279 |
| 005 - DATE AND TIME OF LATEST TRANSACTION | |
| control field | 20260407155835.0 |
| 008 - FIXED-LENGTH DATA ELEMENTS--GENERAL INFORMATION | |
| fixed length control field | 260407a1988 arg spa d |
| 003 - CONTROL NUMBER IDENTIFIER | |
| control field | AR-UNSa-BCEJYS |
| 040 ## - CATALOGING SOURCE | |
| Original cataloging agency | AR-UNSa-BCEJYS |
| Language of cataloging | spa |
| Transcribing agency | AR-UNSa-BCEJYS |
| 080 ## - UNIVERSAL DECIMAL CLASSIFICATION NUMBER | |
| Universal Decimal Classification number | 94(82):33 |
| Common auxiliary subdivision | Historia Económica Argentina |
| 020 ## - INTERNATIONAL STANDARD BOOK NUMBER | |
| International Standard Book Number | 950-537-133-0 |
| 100 1# - MAIN ENTRY--PERSONAL NAME | |
| Personal name | Alemann, Roberto T. |
| 245 10 - TITLE STATEMENT | |
| Title | Argentina 2000 |
| 264 #1 - PRODUCTION, PUBLICATION, DISTRIBUTION, MANUFACTURE, AND COPYRIGHT NOTICE | |
| Place of production, publication, distribution, manufacture | Buenos Aires : |
| Name of producer, publisher, distributor, manufacturer | Ediciones Macchi |
| Date of production, publication, distribution, manufacture, or copyright notice | 1988 |
| 300 ## - PHYSICAL DESCRIPTION | |
| Extent | 187 p. |
| Dimensions | 22 cm. |
| 505 ## - FORMATTED CONTENTS NOTE | |
| Formatted contents note | 1. Proyecciones y alternativas económicas 1987-2000 – 2.Argentina hacia el 2000 por F. Desmond – 3.Proyecciones de la economía argentina al año 2000 y políticas económicas a introducir para mejorar el nivel de bienestar – 4. Alternativas económicas innovadoras y viables en la argentina; un ensayo por Roberto T.Aleman – 5. Incertidumbres y flexibilidad en la política económica argentina por Richard D. Mallon. |
| 590 ## - LOCAL NOTE (RLIN) | |
| Local note | niveau_biblio:m niveau_hierar:0 |
| 700 1# - ADDED ENTRY--PERSONAL NAME | |
| Personal name | Garcia, Manuel Alberto |
| 700 1# - ADDED ENTRY--PERSONAL NAME | |
| Personal name | Mallon, Richard D. |
| 700 1# - ADDED ENTRY--PERSONAL NAME | |
| Personal name | Desmond Mc Carthy, F. |
| 700 1# - ADDED ENTRY--PERSONAL NAME | |
| Personal name | Portnoy, Leopoldo |
| 942 ## - ADDED ENTRY ELEMENTS (KOHA) | |
| Koha item type | |
| Withdrawn status | Lost status | Damaged status | Not for loan | Home library | Current library | Shelving location | Date acquired | Total checkouts | Full call number | Barcode | Date last seen | Price effective from | Koha item type |
|---|---|---|---|---|---|---|---|---|---|---|---|---|---|
| Biblioteca Prof. Eusebio Cleto del Rey | Biblioteca Prof. Eusebio Cleto del Rey | 07/04/2026 | 94(82):33 A367 | L53240 | 07/04/2026 | 07/04/2026 | Libro |